Statistics for Historical Figures By Picture

Click here to take the quiz!

General Stats

  • This quiz has been taken 125 times
  • The average score is 7 of 10

Answer Stats

Answer% Correct
Abraham Lincoln
95%
Albert Einstein
93%
Napoleon
89%
George Washington
87%
Thomas Jefferson
75%
Benjamin Franklin
67%
William Shakespeare
57%
Ulysses S Grant
53%
Mozart
32%
Michelangelo
21%

Score Distribution

Percentile by Number Answered

Percent of People with Each Score

Your Score History

You have not taken this quiz